Paises con al menos un podio mundialista (1930 - 2022) - Estadísticas

Estadísticas generales
  • Esta prueba ha sido intentada 230 veces
  • La puntuación promedio es 11 de 20
Answers on the Grid
Answers color-coded by a green-red scale on the quiz's grid according to % correct below.
Hungría
Francia
Estados Unidos
Escocia
Alemania
Suecia
Brasil
Marruecos
Turquía
México
Austria
España
Inglaterra
Paises Bajos
Chile
Portugal
Colombia
Serbia
Dinamarca
Uruguay
Polonia
Bulgaria
Paraguay
Bélgica
República Checa
Croacia
Italia
Rusia
Corea del Sur
Argentina
 
Estadísticas de respuestas
Respuesta % Correcto
Italia
81%
Francia
79%
Brasil
77%
Argentina
77%
Alemania
75%
Uruguay
75%
Inglaterra
74%
Paises Bajos
74%
Croacia
68%
España
68%
Suecia
55%
Hungría
51%
Chile
47%
Bélgica
45%
Portugal
36%
Turquía
36%
Estados Unidos
32%
República Checa
28%
Polonia
26%
Austria
19%
No se encontraron pruebas coincidentes
Distribución de puntuación
Porcentaje de gente con cada puntuación
Porcentaje por número respondido
Historial de tus puntuaciones
No has intentado esta prueba.